000 00596nam a2200217Ia 4500
005 20260415173418.0
008 008 250505s9999 xx 000 0 eng d
020 _a978-1-4129-2881-6
037 _aReference
040 _aFEDL
_beng
_cFEDL
041 _aeng
_2eng
084 _a001.42 SAL/RR
_qFEDL
100 _aSalmons Janet E
_9783727
245 0 _aDoing qualitative research online
250 _a2
260 _aLondon, UK
_bSage
_c2022
300 _axxxvi, 344p.
365 _aGBP
_b31.99
942 _cREF
_h001.42 SAL/RR
999 _c1400173
_d1400173